000 00646nab a2200193 4500
001 244442
003 OSt
005 20250930132442.0
007 tu
008 200917s2020|||||||
040 _aDE-2950
_cDE-2950
245 0 0 _aStrasser gewinnt vor Möller
_bOB-Wahl. Axel Strasser (parteilos) und Wilko Möller (AfD) gehen am 12. Oktober in die Stichwahl. Désirée Schrade (CDU) wird knapp Dritte/
_cThomas Gutke, Lisa Larossa
264 _c2025
653 _aFrankfurt (Oder)
653 _aOB- Wahl
653 _aWahlergebnis
773 0 _g36. Jahrgang (2025) Nr. 221 vom 22.09.2025, S. 11 mit Fotos
_tMärkische Oderzeitung
942 _2z
_cA
999 _c374028
_d374028